Biggest Cities in Maine in 1950 - Statistics

General Stats
  • This quiz has been taken 60 times
  • The average score is 9 of 20
Answer Stats
Population County Answer % Correct
77,634 Cumberland Portland
100%
20,913 Kennebec Augusta
93%
31,558 Penobscot Bangor
93%
21,866 Cumberland South Portland
79%
40,974 Androscoggin Lewiston
77%
23,134 Androscoggin Auburn
65%
20,836 York Biddeford
53%
18,287 Kennebec Waterville
53%
10,644 Sagadahoc Bath
51%
9,954 Aroostook Presque Isle
49%
10,324 York Saco
42%
12,284 Cumberland Westbrook
35%
4,589 Washington Calais
28%
8,261 Penobscot Old Town
28%
5,960 Waldo Belfast
21%
9,234 Knox Rockland
21%
6,862 Penobscot Brewer
14%
3,936 Hancock Ellsworth
14%
6,649 Kennebec Gardiner
9%
3,404 Kennebec Hallowell
5%
No matching quizzes found
Score Distribution
Percent of People with Each Score
Percentile by Number Answered
Your Score History
You have not taken this quiz